000 01025nam a22001937a 4500
008 100718t1985 xxu||||| |||| 00| 0 ara d
082 _222
_bك م ا
_a398.2
100 1 _916386
_aكمال، صفوت
245 _aالحكايات الشعبية الكويتية :
_bدراسة مقارنة /
_cصفوت كمال.
260 _a :[الكويت]
_b[وزارة الاعلام] ،
_c1985.
300 _a459 ص :
_c24 سم.
504 _aيحتوي علي ارجاعات ببليوجرافية.
541 _aألف باء ؛
_cشراء ؛
650 0 _916040
_aالأدب الشعبي
650 0 _916863
_aالأدب الشعبي العربي
_zالكويت
710 _916387
_aوزارة الاعلام
_bادارة الثقافة والصحافة والرقابة |مركز رعاية الفنون الشعبية
_cالكويت
942 _2ddc
_cBB
999 _c14501
_d14501